Airlines with the most Accidents - Statistics

General Stats
  • This quiz has been taken 82 times
  • The average score is 4 of 10
Answer Stats
# of Accidents Airline % Correct
11 American Airlines
91%
7 United Airlines
78%
11 Air France
72%
9 China Airlines
61%
5 Lufthansa
46%
9 Korean Air
36%
6 Egypt Air
18%
6 Ethiopian Airlines
18%
8 Pakistan International
15%
6 Thai Airlines
13%
No matching quizzes found
Score Distribution
Percent of People with Each Score
Percentile by Number Answered
Your Score History
You have not taken this quiz